000
00272nam a2200109Ia 4500
008
200302s9999 xx 000 0 und d
100
_a
Jacobo Krauel
245
_a
Urban Spaces Environments for the Future
260
_b
Azur Corporation
260
_c
2009
300
_a
299 P.,
999
_c
5742
_d
5742